Statistics for Minnesota Timberwolves 2017-18 Most Games Leading Team in Scoring

Click here to take the quiz!

General Stats

  • This quiz has been taken 23 times
  • The average score is 5 of 7

Answer Stats

PlayerGames% Correct
Karl-Anthony Towns36
100%
Andrew Wiggins16
100%
Jimmy Butler28
95%
Jeff Teague6
80%
Taj Gibson2
70%
Jamal Crawford1
40%
Nemanja Bjelica1
25%

Score Distribution

Percentile by Number Answered

Percent of People with Each Score

Your Score History

You have not taken this quiz